Islamské bankovníctvo bakalárska práca

Enregistré dans:
Détails bibliographiques
Auteur principal: Sloboda, Dávid
Collectivité auteur: Národohospodárska fakulta EU. Katedra bankovníctva a medzinárodných financií
Autres auteurs: Artimová, Miroslava
Format: Livre
Langue:slovaque
Publié: Bratislava 2015
Tags: Ajouter un tag
Pas de tags, Soyez le premier à ajouter un tag!

MARC

LEADER 00000nbm a2200000 4500
001 0205006
005 20161212094923.7
041 0 |a slo 
044 |a SK 
245 1 0 |a Islamské bankovníctvo  |b bakalárska práca  |c Dávid Sloboda ; školiteľ: Miroslava Artimová 
264 1 |a Bratislava  |c 2015 
300 |a 34 s. 
100 1 |a Sloboda, Dávid 
700 1 |a Artimová, Miroslava 
710 2 |a Národohospodárska fakulta EU. Katedra bankovníctva a medzinárodných financií